Probability, random variables and random processes (Record no. 189022)

000 -LEADER
fixed length control field 00397nam a2200133Ia 4500
008 - FIXED-LENGTH DATA ELEMENTS--GENERAL INFORMATION
fixed length control field 220217s9999||||xx |||||||||||||| ||und||
020 ## - INTERNATIONAL STANDARD BOOK NUMBER
International Standard Book Number 9780070589506
082 ## - DEWEY DECIMAL CLASSIFICATION NUMBER
Classification number 519.2
100 ## - MAIN ENTRY--PERSONAL NAME
Personal name Hsu, Hwei
245 #0 - TITLE STATEMENT
Title Probability, random variables and random processes
260 ## - PUBLICATION, DISTRIBUTION, ETC.
Place of publication, distribution, etc. McGraw Hill Education (India) Private Limited
Name of publisher, distributor, etc. Chennai
Date of publication, distribution, etc. 2014
300 ## - PHYSICAL DESCRIPTION
Extent VII, 360p.
Other physical details 799
650 ## - SUBJECT ADDED ENTRY--TOPICAL TERM
Topical term or geographic name entry element Mathematics
Holdings
Withdrawn status Lost status Damaged status Not for loan Collection code Home library Current library Shelving location Date acquired Full call number Barcode Date last seen Price effective from Koha item type
        Computer Science and Engineering Central Library Central Library Reference 02/18/2022 519.2 24211 02/18/2022 02/18/2022 Books

Powered by Koha